000 00454cam a2200181ua 4500
001 2298
008 110805n ii |||gr||||Z||||||asm
040 _cMAIN
082 _a370.15
100 _aSharma, Mukul Kr.,
_eAuthor.
245 1 _aShiksha mmonobigyan
_cby mukul Kr. Sharma
250 _a3rd.
260 _aDibrugarh:
_bStudents emporium,998.
300 _a464p:
_bill;
_c23cm.
653 _aEducation
653 _aShiksha mmonobigyan
942 _cBK
999 _c2160
_d2160